000
00214 a2200109 4500
001
68481
040
_c
Anchieta - Itaigara
240
1
0
_a
Artrópodes
_l
245
1
0
_a
Artrópodes
650
4
_a
Artrópodes
942
_c
MU
999
_c
68481
_d
68481